Giới thiệu đề thi tuyển sinh Môn Lịch sử Năm học 2002- 2003 và 2003- 2004 (vào đại học và cao đẳng trong toàn quốc )

Zapisane w:
Opis bibliograficzny
1. autor: Bùi, Tuyết Hương (Tuyển chọn)
Kolejni autorzy: Nguyễn, Hồng Liên (tuyển sinh), Lê, Hồng Sơn (tuyển sinh)
Format: Książka
Język:English
Vietnamese
Wydane: Hà Nội Hà Nội 2003
Hasła przedmiotowe:
Etykiety: Dodaj etykietę
Nie ma etykietki, Dołącz pierwszą etykiete!
Thư viện lưu trữ: Trung tâm Học liệu Lê Vũ Hùng, Trường Đại học Đồng Tháp
LEADER 01013pam a22002538a 4500
001 00041640
008 170505s1996 ||||||engsd
005 20180618100628.0
020 # # |c 18000 
041 0 # |a vie 
082 0 4 |a 907  |b GI462TH 
100 1 # |a Bùi, Tuyết Hương  |e Tuyển chọn 
245 1 0 |c Bùi Tuyết Hương; Nguyễn Hồng Liên; Lê Hồng Sơn  |a Giới thiệu đề thi tuyển sinh Môn Lịch sử  |b Năm học 2002- 2003 và 2003- 2004 (vào đại học và cao đẳng trong toàn quốc ) 
260 # # |c 2003  |a Hà Nội  |b Hà Nội 
300 # # |a 299tr.  |c 21 cm. 
653 # # |a Việt Nam 
653 # # |a Đề thi 
653 # # |a tuyển sinh 
653 # # |a lịch sử 
700 1 # |a Nguyễn, Hồng Liên  |e tuyển sinh 
700 1 # |a Lê, Hồng Sơn  |e tuyển sinh 
852 # # |j KD.0023723 
910 # # |f 18/06/2018  |e dtchanh  |d 18/06/2018 
980 # # |a Trung tâm Học liệu Lê Vũ Hùng, Trường Đại học Đồng Tháp